Heinrich aus Andernach / (Record no. 147563)
[ view plain ]
| 000 -LEADER | |
|---|---|
| campo de control de longitud fija | 00418nam a2200145 i 4500 |
| 001 - NÚMERO DE CONTROL | |
| campo de control | 147563 |
| 003 - IDENTIFICADOR DE NÚMERO DE CONTROL | |
| campo de control | ES-MaACL |
| 007 - CAMPO FIJO DE DESCRIPCIÓN FÍSICA--INFORMACIÓN GENERAL | |
| campo de control de longitud fija | t| |
| 008 - DATOS DE LONGITUD FIJA--INFORMACIÓN GENERAL | |
| campo de control de longitud fija | 071003s1925 gw ||||1| ger d |
| 100 1# - ENTRADA PRINCIPAL--NOMBRE DE PERSONA | |
| Nombre de persona | Unruh, Fritz von. |
| 9 (RLIN) | 112021 |
| 245 10 - MENCIÓN DEL TÍTULO | |
| Título | Heinrich aus Andernach / |
| Mención de responsabilidad, etc. | Fritz von Unruh. |
| 260 ## - PUBLICACIÓN, DISTRIBUCIÓN, ETC. | |
| Lugar de publicación, distribución, etc. | Frankfurtam : |
| Nombre del editor, distribuidor, etc. | Frankfurter Societèats-Druckerei, |
| Fecha de publicación, distribución, etc. | 1925. |
| 300 ## - DESCRIPCIÓN FÍSICA | |
| Extensión | 84 p. ; |
| Dimensiones | 22 cm. |
| 852 ## - LOCALIZACIÓN | |
| Ubicación | ES-MaACL |
| Número de control de estantería | B-9236 |
| Sublocalización o colección | R.14021 |
| Estatus retirado | Estado de pérdida | Estado de daño | No para préstamo | Biblioteca de origen | Biblioteca actual | Ubicación en estantería | Fecha de adquisición | Fuente de adquisición | Total de préstamos | Signatura topográfica completa | Código de barras | Visto por última vez | Precio de reemplazo | Tipo de ítem Koha |
|---|---|---|---|---|---|---|---|---|---|---|---|---|---|---|
| Biblioteca del Ateneo de Madrid | Biblioteca del Ateneo de Madrid | Sala Pardo Bazán | 17/01/2008 | B-9236 | 1153996 | 23/02/2023 | 23/02/2023 | Libro impreso |
